MARC details
| 000 -LEADER |
| fixed length control field |
02879cam a22005654a 4500 |
| 001 - CONTROL NUMBER |
| control field |
ocm62307281 |
| 003 - CONTROL NUMBER IDENTIFIER |
| control field |
TZ-ArACH |
| 005 - DATE AND TIME OF LATEST TRANSACTION |
| control field |
20120917115613.0 |
| 008 - FIXED-LENGTH DATA ELEMENTS--GENERAL INFORMATION |
| fixed length control field |
051101s2006 enk b 001 0 eng |
| 010 ## - LIBRARY OF CONGRESS CONTROL NUMBER |
| LC control number |
2005031871 |
| 015 ## - NATIONAL BIBLIOGRAPHY NUMBER |
| National bibliography number |
GBA596494 |
| Source |
bnb |
| 015 ## - NATIONAL BIBLIOGRAPHY NUMBER |
| National bibliography number |
GBA603731 |
| Source |
bnb |
| 016 7# - NATIONAL BIBLIOGRAPHIC AGENCY CONTROL NUMBER |
| Record control number |
013337263 |
| Source |
Uk |
| 016 7# - NATIONAL BIBLIOGRAPHIC AGENCY CONTROL NUMBER |
| Record control number |
013354077 |
| Source |
Uk |
| 020 ## - INTERNATIONAL STANDARD BOOK NUMBER |
| International Standard Book Number |
0198298153 |
| 020 ## - INTERNATIONAL STANDARD BOOK NUMBER |
| International Standard Book Number |
9780198298151 |
| 035 ## - SYSTEM CONTROL NUMBER |
| System control number |
(OCoLC)62307281 |
| Canceled/invalid control number |
(OCoLC)183928143 |
| 040 ## - CATALOGING SOURCE |
| Original cataloging agency |
DLC |
| Language of cataloging |
eng |
| Transcribing agency |
TZ-ArACH |
| Modifying agency |
UKM |
| -- |
BWKUK |
| -- |
BAKER |
| -- |
YLS |
| -- |
MUQ |
| -- |
IXA |
| -- |
COO |
| -- |
UBY |
| -- |
YDXCP |
| -- |
BTCTA |
| -- |
UQ1 |
| -- |
IG# |
| -- |
HEBIS |
| -- |
DEBBG |
| -- |
OCLCQ |
| 041 ## - LANGUAGE CODE |
| Language code of text/sound track or separate title |
Eng |
| 042 ## - AUTHENTICATION CODE |
| Authentication code |
pcc |
| 049 ## - LOCAL HOLDINGS (OCLC) |
| Holding library |
TZAA |
| 050 00 - LIBRARY OF CONGRESS CALL NUMBER |
| Classification number |
JC571 |
| Item number |
.C597 |
| 082 00 - DEWEY DECIMAL CLASSIFICATION NUMBER |
| Classification number |
323 |
| Edition number |
22 |
| 100 1# - MAIN ENTRY--PERSONAL NAME |
| Personal name |
Clapham, Andrew. |
| 9 (RLIN) |
6555 |
| 245 10 - TITLE STATEMENT |
| Title |
Human rights obligations of non-state actors / |
| Statement of responsibility, etc |
Andrew Clapham. |
| 260 ## - PUBLICATION, DISTRIBUTION, ETC. (IMPRINT) |
| Place of publication, distribution, etc |
Oxford ; |
| -- |
New York : |
| Name of publisher, distributor, etc |
Oxford University Press, |
| Date of publication, distribution, etc |
2006. |
| 300 ## - PHYSICAL DESCRIPTION |
| Extent |
xxxiii, 613 p. ; |
| Dimensions |
24 cm. |
| 490 1# - SERIES STATEMENT |
| Series statement |
The collected courses of the Academy of European Law ; |
| Volume number/sequential designation |
v. 15/1 |
| 500 ## - GENERAL NOTE |
| General note |
"Academy of European Law, European University Institute." |
| 504 ## - BIBLIOGRAPHY, ETC. NOTE |
| Bibliography, etc |
Includes bibliographical references (p. [567]-600) and index. |
| 505 0# - FORMATTED CONTENTS NOTE |
| Formatted contents note |
Old objections and new approaches -- Thinking responsibly about the subject of subjects -- Characteristics of international human rights law -- The United Nations -- The World Trade Organization and the European Union -- Corporations and human rights -- Non-state actors in times of armed conflict -- Selected UN human rights treaties -- Regional human rights bodies -- National legal orders -- Dignity and democracy -- Complexity, complicity, and complementarity. |
| 650 #0 - SUBJECT ADDED ENTRY--TOPICAL TERM |
| Topical term or geographic name as entry element |
Human rights. |
| 9 (RLIN) |
6556 |
| 650 #0 - SUBJECT ADDED ENTRY--TOPICAL TERM |
| Topical term or geographic name as entry element |
Social responsibility of business. |
| 9 (RLIN) |
6557 |
| 650 #0 - SUBJECT ADDED ENTRY--TOPICAL TERM |
| Topical term or geographic name as entry element |
Non-governmental organizations. |
| 9 (RLIN) |
6558 |
| 650 #6 - SUBJECT ADDED ENTRY--TOPICAL TERM |
| Topical term or geographic name as entry element |
Droits de l'homme (Droit international) |
| 9 (RLIN) |
6559 |
| 650 #6 - SUBJECT ADDED ENTRY--TOPICAL TERM |
| Topical term or geographic name as entry element |
Entreprises |
| General subdivision |
Responsabilité sociale. |
| 9 (RLIN) |
6560 |
| 650 #6 - SUBJECT ADDED ENTRY--TOPICAL TERM |
| Topical term or geographic name as entry element |
Organisations non gouvernementales. |
| 9 (RLIN) |
6561 |
| 650 #7 - SUBJECT ADDED ENTRY--TOPICAL TERM |
| Topical term or geographic name as entry element |
Droit international. |
| Source of heading or term |
rasuqam |
| 9 (RLIN) |
6562 |
| 650 17 - SUBJECT ADDED ENTRY--TOPICAL TERM |
| Topical term or geographic name as entry element |
Droits de l'homme. |
| Source of heading or term |
rasuqam |
| 9 (RLIN) |
6563 |
| 650 #7 - SUBJECT ADDED ENTRY--TOPICAL TERM |
| Topical term or geographic name as entry element |
Organisation non gouvernementale. |
| Source of heading or term |
rasuqam |
| 9 (RLIN) |
6564 |
| 650 #7 - SUBJECT ADDED ENTRY--TOPICAL TERM |
| Topical term or geographic name as entry element |
Responsabilité sociale de l'entreprise. |
| Source of heading or term |
rasuqam |
| 9 (RLIN) |
6565 |
| 650 07 - SUBJECT ADDED ENTRY--TOPICAL TERM |
| Topical term or geographic name as entry element |
Internationale Organisation. |
| 9 (RLIN) |
6566 |
| 710 2# - ADDED ENTRY--CORPORATE NAME |
| Corporate name or jurisdiction name as entry element |
Academy of European Law. |
| 9 (RLIN) |
6567 |
| 776 08 - ADDITIONAL PHYSICAL FORM ENTRY |
| Display text |
Online version: |
| Main entry heading |
Clapham, Andrew. |
| Title |
Human rights obligations of non-state actors. |
| Place, publisher, and date of publication |
Oxford ; New York : Oxford University Press, 2006 |
| Record control number |
(OCoLC)607761520 |
| 830 #0 - SERIES ADDED ENTRY--UNIFORM TITLE |
| Uniform title |
Collected courses of the Academy of European Law ; |
| Volume number/sequential designation |
v. 15/1. |
| 9 (RLIN) |
6568 |
| 856 41 - ELECTRONIC LOCATION AND ACCESS |
| Materials specified |
Table of contents |
| Uniform Resource Identifier |
<a href="http://catdir.loc.gov/catdir/toc/ecip064/2005031871.html">http://catdir.loc.gov/catdir/toc/ecip064/2005031871.html</a> |
| 856 42 - ELECTRONIC LOCATION AND ACCESS |
| Materials specified |
Publisher description |
| Uniform Resource Identifier |
<a href="http://catdir.loc.gov/catdir/enhancements/fy0723/2005031871-d.html">http://catdir.loc.gov/catdir/enhancements/fy0723/2005031871-d.html</a> |
| 942 ## - ADDED ENTRY ELEMENTS (KOHA) |
| Source of classification or shelving scheme |
Library of Congress Classification |
| Koha item type |
Books |